000 00946nam a2200277 4500
005 19840917000000.0
008 740903s1956 ii 000 0 eng
010 _aENG-92358
020 _a9788180522444
_c325.00
020 _a818052244X
_c325.00
035 _aEN-75891
037 _bDBAD / PUB
040 _adpl
_bEnglish
082 _a330
100 _aAgarwal, H.S.
110 _aIndia.
245 _aA textbook of economic analysis /
_cby H.S. Agarwal
250 _a9th ed
260 _aNew Delhi
_bAne Books
_c2008
270 _a4821, Parwana Bhawan, Ist Floor, 24, Ansari Road, Darya Ganj,
_bNew Delhi
_e110002
300 _axxvi, 1233p.
_c22 cm (pbk)
500 _aIncludes bibliographical references
650 _aEconomics.
942 _2ddc
_cEN
_mAGA
_h330
999 _c20637
_d20637